Faktory zvyšovania výkonnosti poľnohospodárskych podnikov vo väzbe na rozvoj vidieka a zabezpečenie primeranej potravinovej sebestačnosti I. [recenzovaný zborník vedeckých prác]

Salvato in:
Dettagli Bibliografici
Ente Autore: Ekonomická univerzita v Bratislave. Fakulta podnikového manažmentu
Altri autori: Tóth, Miroslav, 1961-, Tršťanská, Alena, Matušovič, Martin
Natura: Libro
Lingua:slovacco
Pubblicazione: Bratislava Vydavateľstvo EKONÓM 2015
Edizione:1. vyd.
Soggetti:
Tags: Aggiungi Tag
Nessun Tag, puoi essere il primo ad aggiungerne!!

MARC

LEADER 00000nam a2200000 4500
001 0209549
005 20240527080627.8
020 |a 978-80-225-4166-4 
041 0 |a slo 
044 |a SK 
245 1 0 |a Faktory zvyšovania výkonnosti poľnohospodárskych podnikov vo väzbe na rozvoj vidieka a zabezpečenie primeranej potravinovej sebestačnosti I.  |b [recenzovaný zborník vedeckých prác]  |c Miroslav Tóth a kolektív, redakčné a zostaviteľské práce: Miroslav Tóth ; vedeckí recenzenti: Alena Tršťanská, Martin Matušovič 
250 |a 1. vyd. 
264 1 |a Bratislava  |b Vydavateľstvo EKONÓM  |c 2015 
300 |a 90 s. [4,75 AH] 
610 2 0 |a podnik poľnohospodársky 
610 2 0 |a poľnohospodárstvo 
610 2 0 |a výkonnosť podniku 
610 2 0 |a rozvoj vidieka 
610 2 0 |a sebestačnosť 
610 2 0 |a potraviny 
610 2 0 |a sily pracovné 
610 2 0 |a potravinárstvo 
610 2 0 |a stavebníctvo 
610 2 0 |a podnikatelia 
700 1 |a Tóth, Miroslav, 1961- 
700 1 |a Tršťanská, Alena 
700 1 |a Matušovič, Martin 
710 2 |a Ekonomická univerzita v Bratislave. Fakulta podnikového manažmentu